Statistics for Countries with the lowest crime rates

Click here to take the quiz!

General Stats

  • This quiz has been taken 71 times
  • The average score is 6 of 15

Answer Stats

Crime indexCountry% Correct
23.7Iceland
81%
21.67Japan
78%
11.9Qatar
61%
21.58Switzerland
58%
15.45United Arab Emirates
55%
24.43Austria
48%
20.62Oman
43%
15.28Taiwan
42%
20.92Slovenia
33%
23.56Estonia
31%
24.67Croatia
27%
20.5Georgia
21%
22.69Armenia
18%
24.02Belarus
16%
22.04Rwanda
10%

Score Distribution

Percentile by Number Answered

Percent of People with Each Score

Your Score History

You have not taken this quiz